Statistics for Risk countries named after real countries

Click here to take the quiz!

General Stats

  • This quiz has been taken 119 times
  • The average score is 13 of 15

Answer Stats

HintAnswer% Correct
South AmericaBrazil
98%
South AmericaArgentina
97%
South AmericaVenezuela
96%
AsiaChina
95%
South AmericaPeru
95%
AsiaIndia
93%
AsiaJapan
92%
AfricaEgypt
91%
AsiaIndonesia
87%
AfricaSouth Africa
87%
AfricaMadagascar
86%
EuropeIceland
83%
AsiaMongolia
83%
AsiaAfghanistan
77%
EuropeUkraine
75%

Score Distribution

Percentile by Number Answered

Percent of People with Each Score

Your Score History

You have not taken this quiz